[Event "Trofeo CCAS - KO"]
[Site "Cap d'Agde FRA"]
[Date "2008.10.30"]
[Round "1.1"]
[White "Bu Xiangzhi"]
[Black "Carlsen, M."]
[Result "1/2-1/2"]
[WhiteElo "2714"]
[BlackElo "2786"]
[PlyCount "87"]
[EventDate "2008.10.29"]
[Source "www.chesslib.no"]
[SourceDate "2004.05.04"]

1. Nf3 c5 2. c4 Nc6 3. d4 cxd4 4. Nxd4 Nf6 5. g3 g6 6. Bg2 Bg7 7. O-O O-O 8. Nc3 Nxd4 9. Qxd4 d6 10. Qd3 a6 11. Bd2 Rb8 12. Rac1 Bf5 13. e4 Bd7 14. Rfd1 b5 15. b4 bxc4 16. Qxc4 Qb6 17. h3 Rfc8 18. Qe2 h5 19. a3 Bc6 20. Bg5 Qb7 21. Qe3 Nh7 22. Bh6 Bxh6 23. Qxh6 Nf6 24. Qe3 Kg7 25. Nd5 Bxd5 26. exd5 a5 27. bxa5 Rxc1 28. Rxc1 Ra8 29. Qe1 Qa7 30. Rc6 h4 31. Kh2 hxg3+ 32. fxg3 Qxa5 33. Qxe7 Qxa3 34. Rxd6 Qb2 35. Rd8 Rxd8 36. Qxd8 Qe5 37. Qa5 Ne8 38. Qd2 Nd6 39. Bf3 Nf5 40. Qf2 Ne7 41. Qg2 Nf5 42. Qf2 Kh8 43. Bg2 Kg7 44. Bf3 1/2-1/2

[Event "Amber-blind 8th"]
[Site "Monte Carlo"]
[Date "1999.03.22"]
[Round "6"]
[White "Gelfand, Boris"]
[Black "Anand, Viswanathan"]
[Result "1/2-1/2"]
[WhiteElo "2691"]
[BlackElo "2781"]
[PlyCount "55"]
[EventDate "1999.03.16"]
[Source "ChessBase"]
[SourceDate "1999.05.10"]

1. Nf3 Nf6 2. c4 c5 3. Nc3 Nc6 4. g3 g6 5. Bg2 Bg7 6. O-O O-O 7. d4 cxd4 8. Nxd4 Nxd4 9. Qxd4 d6 10. Qd3 a6 11. Bd2 Bf5 12. e4 Be6 13. b3 Nd7 14. Rac1 Nc5 15. Qe3 b5 16. cxb5 axb5 17. Rc2 Qd7 18. Rfc1 b4 19. Nd5 Bxd5 20. exd5 Rfb8 21. Qe2 Bf6 22. Be3 Qb5 23. Bxc5 Qxe2 24. Rxe2 dxc5 25. Rxc5 Ra7 26. Rc4 Kg7 27. g4 Rb5 28. Rcc2 1/2-1/2

[Event "Corr"]
[Site "?"]
[Date "2000.11.03"]
[Round "?"]
[White "Bang Erik BH"]
[Black "Andersson Ulf"]
[Result "1/2-1/2"]
[WhiteElo "2661"]
[BlackElo "2805"]
[PlyCount "218"]
[EventDate "2000.??.??"]
[Source "www.chesslib.no"]
[SourceDate "2004.05.04"]

1. Nf3 Nf6 2. c4 g6 3. g3 Bg7 4. Bg2 O-O 5. O-O c5 6. d4 cxd4 7. Nxd4 Nc6 8. Nc3 Nxd4 9. Qxd4 d6 10. Qd3 a6 11. Bd2 Bf5 12. e4 Be6 13. b3 Qd7 14. Rac1 Bh3 15. f3 Bxg2 16. Kxg2 Rfc8 17. Nd5 Nxd5 18. cxd5 h5 19. h4 Bf6 20. Rxc8+ Rxc8 21. Rc1 Rxc1 22. Bxc1 Qc7 23. Be3 Qa5 24. Qc2 Qe1 25. Bf2 Qa1 26. Qc8+ Kg7 27. a4 Qb2 28. Qc4 Qd2 29. Kf1 Be5 30. Kg2 Bc3 31. Kf1 Bb2 32. Kg2 f5 33. Kf1 Bf6 34. Qe2 Qc3 35. exf5 Qxb3 36. Qe4 gxf5 37. Qxf5 Qxa4 38. Qxh5 b5 39. Be3 Qd1+ 40. Kf2 Qc2+ 41. Kf1 b4 42. Bh6+ Kg8 43. Qg4+ Kh7 44. Bg5 Qd3+ 45. Kg2 Bxg5 46. Qxg5 Qe2+ 47. Kh3 Qe5 48. Qd2 a5 49. Qd3+ Kg7 50. f4 Qf6 51. Qe4 b3 52. h5 Kf8 53. g4 a4 54. g5 Qc3+ 55. Kg4 a3 56. Qa4 b2 57. Qa8+ Kf7 58. Qd8 b1=Q 59. g6+ Qxg6+ 60. hxg6+ Kxg6 61. Qxe7 Qf6 62. Qe8+ Kh6 63. Qe2 Qg6+ 64. Kh4 Qf5 65. Qc4 Qf6+ 66. Kh3 Qf5+ 67. Kh4 Qf7 68. Kh3 Qd7+ 69. Kg2 Qg4+ 70. Kf2 Qf5 71. Qa4 Qd3 72. Qa8 Qd4+ 73. Kf3 Qc3+ 74. Ke4 Kh5 75. Qg8 Kh4 76. Qg2 Qc4+ 77. Ke3 Qb3+ 78. Ke4 Qb1+ 79. Ke3 Qf5 80. Qf2+ Kh5 81. Qh2+ Kg6 82. Kd4 Qg4 83. Ke3 Kg7 84. Ke4 Kf6 85. Qh8+ Ke7 86. Qh7+ Kd8 87. Qh8+ Kd7 88. Qa8 Qg6+ 89. Kf3 Qd3+ 90. Kg4 Ke7 91. Qa5 Qe2+ 92. Kf5 Qd3+ 93. Kg4 Qd1+ 94. Kg5 Qg1+ 95. Kf5 Qc5 96. Qa8 Qc2+ 97. Kg5 Qg2+ 98. Kf5 Qh3+ 99. Kg5 Qe3 100. Kg6 Qg3+ 101. Kf5 Kf7 102. Qa7+ Kf8 103. Qa4 Qe3 104. Kf6 Qe7+ 105. Kf5 Qf7+ 106. Kg4 Qg6+ 107. Kh4 Qd3 108. Qa7 Qe4 109. Kg3 Qe1+ 1/2-1/2

[Event "Camp. cinese"]
[Site "Pechino CINA"]
[Date "2008.06.07"]
[Round "10"]
[White "Wang Hao"]
[Black "Ni Hua"]
[Result "1/2-1/2"]
[WhiteElo "2684"]
[BlackElo "2704"]
[PlyCount "59"]
[EventDate "2008.05.29"]
[Source "www.chesslib.no"]
[SourceDate "2004.05.04"]

1. Nf3 Nf6 2. c4 c5 3. d4 cxd4 4. Nxd4 Nc6 5. g3 g6 6. Bg2 Bg7 7. O-O O-O 8. Nc3 Nxd4 9. Qxd4 d6 10. Qd3 Rb8 11. Bg5 a6 12. c5 h6 13. Bxf6 Bxf6 14. Rfd1 Bf5 15. Qe3 Bg7 16. cxd6 exd6 17. Qd2 Qa5 18. Nd5 Qxd2 19. Rxd2 Rfe8 20. Rc1 b5 21. b3 Rbc8 22. Rxc8 Bxc8 23. Bf3 Kf8 24. Kg2 g5 25. Ne3 Rd8 26. a3 Be6 27. b4 Be5 28. Bb7 Rb8 29. Bd5 Ke7 30. g4 1/2-1/2

[Event "Reggio Emilia"]
[Site "?"]
[Date "1991.??.??"]
[Round "?"]
[White "Ehlvest, J."]
[Black "Kamsky, G."]
[Result "1/2-1/2"]
[WhiteElo "2650"]
[BlackElo "2640"]
[PlyCount "85"]
[EventDate "1991.??.??"]
[Source "ChessBase"]
[SourceDate "1991.06.01"]

1. Nf3 Nf6 2. c4 c5 3. Nc3 Nc6 4. g3 g6 5. Bg2 Bg7 6. O-O O-O 7. d4 cxd4 8. Nxd4 Nxd4 9. Qxd4 d6 10. Qd3 Bf5 11. e4 Be6 12. Bd2 a6 13. b3 Rb8 14. Rac1 Qd7 15. Nd5 b5 16. Rfe1 Rb7 17. Qf1 Ng4 18. h3 Bxd5 19. cxd5 Nf6 20. Rc6 Ra8 21. Rec1 Qd8 22. f4 Rbb8 23. Kh2 a5 24. R1c2 b4 25. Qe2 Qd7 26. Be1 a4 27. Qc4 axb3 28. axb3 Ra1 29. Rc7 Qb5 30. Qxb5 Rxb5 31. Bf2 Bf8 32. Bd4 Ra8 33. Bb2 Ne8 34. Rc8 Rbb8 35. Rxb8 Rxb8 36. Rc4 Bg7 37. e5 dxe5 38. fxe5 f6 39. exf6 Bxf6 40. Bxf6 Nxf6 41. Kg1 Rb5 42. Kf2 Nxd5 43. Bxd5+ 1/2-1/2

[Event "Burgas"]
[Site "?"]
[Date "1994.??.??"]
[Round "?"]
[White "Khalifman, A."]
[Black "Topalov, V."]
[Result "1-0"]
[WhiteElo "2645"]
[BlackElo "2645"]
[PlyCount "63"]
[EventDate "1994.??.??"]
[Source "ChessBase"]
[SourceDate "1994.06.01"]

1. Nf3 Nf6 2. c4 c5 3. Nc3 Nc6 4. g3 g6 5. Bg2 Bg7 6. O-O O-O 7. d4 cxd4 8. Nxd4 Ng4 9. e3 d6 10. b3 a6 11. Bb2 Nxd4 12. exd4 Rb8 13. a4 Nh6 14. Nd5 Nf5 15. a5 b5 16. Nb6 bxc4 17. bxc4 Rxb6 18. axb6 Qxb6 19. Rb1 Nxd4 20. Qd3 Bf5 21. Be4 Qc6 22. Qxd4 Bxd4 23. Bxc6 Bxb1 24. Bxd4 Bd3 25. Re1 e6 26. Bf6 Bxc4 27. Rd1 d5 28. Rb1 h6 29. h4 Kh7 30. f3 g5 31. h5 g4 32. f4 1-0

[Event "Beograd"]
[Site "?"]
[Date "1989.??.??"]
[Round "?"]
[White "Ljubojevic, Lj"]
[Black "Ehlvest, J."]
[Result "1/2-1/2"]
[WhiteElo "2635"]
[BlackElo "2620"]
[PlyCount "41"]
[EventDate "1989.??.??"]
[Source "ChessBase"]
[SourceDate "1989.07.01"]

1. d4 Nf6 2. c4 g6 3. Nf3 Bg7 4. g3 c5 5. Bg2 cxd4 6. Nxd4 O-O 7. Nc3 Nc6 8. O-O Nxd4 9. Qxd4 d6 10. Bd2 Bd7 11. c5 Ne8 12. Qb4 a5 13. Qxb7 Rb8 14. Qa7 Rxb2 15. Ne4 Rxd2 16. Nxd2 Bxa1 17. Rxa1 dxc5 18. Qxc5 Nd6 19. a4 Qb8 20. Rb1 Qc8 21. Qxa5 1/2-1/2

[Event "Amsterdam"]
[Site "?"]
[Date "1995.??.??"]
[Round "?"]
[White "Timman, J."]
[Black "Khalifman, A."]
[Result "1-0"]
[WhiteElo "2590"]
[BlackElo "2655"]
[PlyCount "59"]
[EventDate "1995.??.??"]
[Source "ChessBase"]
[SourceDate "1995.06.01"]

1. c4 c5 2. Nf3 Nf6 3. Nc3 Nc6 4. g3 g6 5. d4 cxd4 6. Nxd4 Bg7 7. Bg2 O-O 8. O-O Ng4 9. e3 d6 10. b3 a6 11. Bb2 Nxd4 12. exd4 Rb8 13. Re1 Nh6 14. Nd5 e6 15. Ne3 b5 16. Qe2 bxc4 17. Nxc4 d5 18. Ne5 Bb7 19. g4 Rc8 20. h3 Re8 21. Nd3 Rc6 22. Rac1 Bf8 23. Rxc6 Bxc6 24. Nc5 Bb5 25. Qd2 Qb6 26. Bc3 Bc6 27. Ba5 Qa7 28. Qc1 e5 29. Bd2 exd4 30. Nd3 1-0

[Event "Alcobendas (m/6)"]
[Site "?"]
[Date "1994.??.??"]
[Round "?"]
[White "Illescas Cordoba, M."]
[Black "Topalov, V."]
[Result "1/2-1/2"]
[WhiteElo "2590"]
[BlackElo "2645"]
[PlyCount "60"]
[EventDate "1994.??.??"]
[Source "ChessBase"]
[SourceDate "1994.10.01"]

1. d4 Nf6 2. c4 g6 3. g3 c5 4. Nf3 cxd4 5. Nxd4 Nc6 6. Bg2 Bg7 7. O-O O-O 8. Nc3 Ng4 9. e3 d6 10. b3 a6 11. Bb2 Nxd4 12. exd4 Rb8 13. a4 Nh6 14. Nd5 Nf5 15. a5 b5 16. axb6 e6 17. Nb4 Rxb6 18. Nc6 Qc7 19. Na5 d5 20. Ba3 Rd8 21. Bc5 Rb8 22. cxd5 exd5 23. b4 Bd7 24. Re1 Bb5 25. Qd2 Qd7 26. Qf4 Re8 27. h4 Bd3 28. Qd2 Bb5 29. Qf4 Bd3 30. Qd2 Bb5 1/2-1/2

[Event "Camp. russo a squadre 2008"]
[Site "Dagomys RUS"]
[Date "2008.04.05"]
[Round "4"]
[White "Tkachiev, V."]
[Black "Grigoriants, S RUS."]
[Result "1/2-1/2"]
[WhiteElo "2657"]
[BlackElo "2573"]
[PlyCount "132"]
[EventDate "2008.04.02"]
[Source "www.chesslib.no"]
[SourceDate "2004.05.04"]

1. d4 Nf6 2. c4 g6 3. Nf3 Bg7 4. g3 c5 5. Nc3 cxd4 6. Nxd4 O-O 7. Bg2 Nc6 8. O-O Ng4 9. e3 d6 10. h3 Nge5 11. b3 a6 12. Bb2 Rb8 13. Rb1 Re8 14. Kh2 Qa5 15. Nde2 Nd7 16. Nd5 Bxb2 17. Rxb2 b5 18. b4 Qd8 19. cxb5 axb5 20. Rc2 Bb7 21. Nd4 Nxd4 22. Qxd4 Bxd5 23. Bxd5 Rf8 24. Rfc1 e6 25. Bg2 d5 26. Bf1 Rb7 27. e4 dxe4 28. Qxe4 Qb8 29. Qd4 h5 30. a3 Ne5 31. Rc3 Ra7 32. Re3 Nd7 33. Bxb5 h4 34. Bxd7 hxg3+ 35. Rxg3 Rd8 36. Qf6 Rdxd7 37. Rcc3 Rd5 38. Rcf3 Rad7 39. Rf4 Rf5 40. Rxf5 exf5 41. Qc6 Rd2 42. Kg2 Qe5 43. Qc8+ Kh7 44. Qc4 Qe7 45. h4 Qb7+ 46. Rf3 Qd7 47. b5 Rd4 48. Qc6 Qxc6 49. bxc6 Rc4 50. a4 Rxc6 51. a5 Ra6 52. Ra3 f6 53. Kf3 g5 54. hxg5 fxg5 55. Ke3 Kg6 56. Kd4 g4 57. Kc5 Kg5 58. Kb5 Ra8 59. Kb6 f4 60. Kb7 Rf8 61. a6 g3 62. fxg3 f3 63. a7 f2 64. Ra1 Kg4 65. a8=Q Rxa8 66. Kxa8 Kxg3 1/2-1/2

[Event "Neum"]
[Site "?"]
[Date "2000.??.??"]
[Round "?"]
[White "Lalic, B."]
[Black "Krasenkow, M."]
[Result "1-0"]
[WhiteElo "2520"]
[BlackElo "2700"]
[PlyCount "51"]
[EventDate "2000.??.??"]
[Source "Chess Informant"]
[SourceDate "2000.06.01"]

1. d4 Nf6 2. c4 g6 3. g3 c5 4. Nf3 cxd4 5. Nxd4 Nc6 6. Bg2 Bg7 7. Nc3 O-O 8. O-O Ng4 9. e3 d6 10. h3 Nge5 11. b3 Bd7 12. Nde2 Be8 13. Bb2 a6 14. f4 Nd7 15. Qd2 Rc8 16. Rfd1 Qa5 17. a3 Qd8 18. Nd5 Bxb2 19. Qxb2 b5 20. Rac1 bxc4 21. Rxc4 Nb6 22. Nxb6 Qxb6 23. Nc3 Bd7 24. Rxd6 Qxe3+ 25. Kh2 Ne5 26. Rxc8 1-0

[Event "Novi Sad (ol)"]
[Site "?"]
[Date "1990.??.??"]
[Round "?"]
[White "Ye, Rongguang"]
[Black "Gelfand, B."]
[Result "1/2-1/2"]
[WhiteElo "2525"]
[BlackElo "2680"]
[PlyCount "101"]
[EventDate "1990.??.??"]
[Source "ChessBase"]
[SourceDate "1990.07.01"]

1. d4 Nf6 2. Nf3 g6 3. g3 Bg7 4. Bg2 c5 5. c4 cxd4 6. Nxd4 Nc6 7. Nc3 O-O 8. O-O Nxd4 9. Qxd4 d6 10. Qd3 a6 11. Bd2 Rb8 12. Rac1 Bd7 13. c5 Ne8 14. Bg5 h6 15. Be3 Be6 16. b4 Nf6 17. cxd6 Qxd6 18. Qxd6 exd6 19. Rfd1 Rfd8 20. Ba7 Ra8 21. Bd4 Rd7 22. Na4 Rad8 23. Nb6 Re7 24. Rd2 Ne8 25. a4 Bxd4 26. Rxd4 Rc7 27. Rxc7 Nxc7 28. e3 Kf8 29. a5 d5 30. Rd2 Ke8 31. h3 Rd6 32. e4 d4 33. e5 Rd8 34. g4 h5 35. gxh5 gxh5 36. Kh2 f6 37. f4 Bf5 38. Bxb7 Ke7 39. Nc4 Ke6 40. exf6 Kxf6 41. Bf3 d3 42. Ne3 h4 43. Ng4+ Ke6 44. Nf2 Rd4 45. Bg4 Bxg4 46. hxg4 Rxf4 47. Kh3 Rxb4 48. Nxd3 Rb5 49. Rc2 Nd5 50. Kxh4 Rxa5 51. Rc6+ 1/2-1/2

[Event "5th IECC Playoff 5th"]
[Site "Antalya"]
[Date "2004.05.30"]
[Round "3"]
[White "Navara, David"]
[Black "Miroshnichenko, Evgenij"]
[Result "1-0"]
[WhiteElo "2602"]
[BlackElo "2599"]
[PlyCount "145"]
[EventDate "2004.05.30"]
[Source "Roberto Alvarez"]
[SourceDate "2004.05.31"]

1. c4 Nf6 2. Nc3 g6 3. g3 Bg7 4. Bg2 O-O 5. d4 c5 6. Nf3 cxd4 7. Nxd4 Nc6 8. O-O Nxd4 9. Qxd4 d6 10. Qd3 Bf5 11. e4 Be6 12. b3 Rc8 13. Bd2 Nd7 14. Rac1 a6 15. Nd5 Re8 16. Qe2 Nc5 17. Rfd1 Bd7 18. Qe3 Bg4 19. f3 Be6 20. Bf1 Bxd5 21. cxd5 Qb6 22. Rc4 Nd7 23. Rdc1 Rxc4 24. Rxc4 Qd8 25. f4 Kh8 26. Bh3 f5 27. exf5 Nb6 28. Rc2 Nxd5 29. Qd3 Qb6+ 30. Kh1 Nf6 31. fxg6 e5 32. fxe5 dxe5 33. Be3 Qa5 34. gxh7 e4 35. Qd2 Qh5 36. Kg2 Qf3+ 37. Kg1 Nd5 38. Bd4 e3 39. Bxg7+ Kxg7 40. Qd4+ Nf6 41. Bg2 Qf5 42. Re2 Qb1+ 43. Bf1 Qxh7 44. Rxe3 Rxe3 45. Qxe3 Qxh2+ 46. Kxh2 Ng4+ 47. Kg2 Nxe3+ 48. Kf2 Nd1+ 49. Kf3 Nc3 50. a4 Kf6 51. Kf4 a5 52. g4 Nd5+ 53. Ke4 Nc7 54. Kd4 b6 55. Be2 Ne6+ 56. Kc4 Nc7 57. Bd1 Ke5 58. g5 Kf5 59. Kd4 Kxg5 60. Ke5 Na6 61. Kd6 Kf6 62. Kc6 Nb4+ 63. Kxb6 Ke5 64. Kxa5 Nd5 65. Bf3 Nc3 66. Kb4 Na2+ 67. Kc5 Nc1 68. b4 Nb3+ 69. Kb6 Kd4 70. a5 Kc4 71. a6 Kxb4 72. a7 Nd2 73. a8=Q 1-0

[Event "6. EICC"]
[Site "?"]
[Date "2005.06.30"]
[Round "12"]
[White "Kempinski Robert"]
[Black "Guseinov Gadir"]
[Result "1/2-1/2"]
[WhiteElo "2627"]
[BlackElo "2573"]
[PlyCount "114"]
[EventDate "2005.??.??"]
[Source "www.chesslib.no"]
[SourceDate "2004.05.04"]

1. Nf3 Nf6 2. c4 c5 3. g3 Nc6 4. Bg2 g6 5. d4 cxd4 6. Nxd4 Bg7 7. O-O O-O 8. Nc3 Nxd4 9. Qxd4 d6 10. Qd3 a6 11. Bf4 Rb8 12. c5 Nh5 13. Be3 Bf5 14. Qc4 Be6 15. Qb4 a5 16. Qa3 Nf6 17. cxd6 exd6 18. Nb5 Nd5 19. Ba7 Ra8 20. Bd4 Nc7 21. Bxg7 Nxb5 22. Qd3 Kxg7 23. Qxb5 Ra6 24. b3 Qb6 25. Qd3 a4 26. bxa4 Rxa4 27. Rfb1 Qc5 28. Rxb7 Rxa2 29. Rxa2 Bxa2 30. h4 Be6 31. Bf3 Rc8 32. h5 Qe5 33. Rb6 gxh5 34. Qxd6 Qxd6 35. Rxd6 Bg4 36. Kg2 Bxf3+ 37. Kxf3 Rc2 38. e4 Ra2 39. Ke3 Rb2 40. Rd5 Kg6 41. f3 f6 42. f4 Rb6 43. Rd7 Rb3+ 44. Kf2 Rb2+ 45. Kf3 Rb3+ 46. Kg2 Rb2+ 47. Kh3 Re2 48. Re7 Kh6 49. g4 Re3+ 50. Kh4 Rf3 51. g5+ fxg5+ 52. fxg5+ Kg6 53. Re6+ Kf7 54. Rh6 Rf4+ 55. Kxh5 Rxe4 56. Rxh7+ Kg8 57. Rc7 Re6 1/2-1/2

[Event "34. TCh-GRE"]
[Site "?"]
[Date "2005.07.07"]
[Round "4"]
[White "Izoria Zviad"]
[Black "Macieja Bartlomiej"]
[Result "1/2-1/2"]
[WhiteElo "2606"]
[BlackElo "2593"]
[PlyCount "33"]
[EventDate "2005.??.??"]
[Source "www.chesslib.no"]
[SourceDate "2004.05.04"]

1. c4 c5 2. Nf3 Nc6 3. Nc3 Nf6 4. g3 g6 5. Bg2 Bg7 6. d4 cxd4 7. Nxd4 O-O 8. O-O Nxd4 9. Qxd4 d6 10. Qd3 a6 11. Be3 Bf5 12. Qd2 Qd7 13. Bd4 Be6 14. b3 Bh3 15. Bxh3 Qxh3 16. Bxf6 Bxf6 17. Rac1 1/2-1/2

[Event "Mind Sports Games - Rapid Ind"]
[Site "Pechino CINA"]
[Date "2008.10.07"]
[Round "9"]
[White "Drozdovskij, Y."]
[Black "Korobov, A."]
[Result "1/2-1/2"]
[WhiteElo "2587"]
[BlackElo "2605"]
[PlyCount "20"]
[EventDate "2008.10.05"]
[Source "www.chesslib.no"]
[SourceDate "2004.05.04"]

1. Nf3 c5 2. c4 Nc6 3. Nc3 g6 4. g3 Bg7 5. Bg2 Nf6 6. O-O O-O 7. d4 cxd4 8. Nxd4 d6 9. e3 Bd7 10. b3 a6 1/2-1/2

[Event " Bundesliga 2004/2005"]
[Site "Germany"]
[Date "2004.11.28"]
[Round "4.2"]
[White "Fridman, Daniel"]
[Black "Macieja, Bartlomiej"]
[Result "1/2-1/2"]
[WhiteElo "2578"]
[BlackElo "2613"]
[PlyCount "57"]
[EventDate "2005.11.11"]
[Source "Roberto Alvarez"]
[SourceDate "2004.12.06"]

1. Nf3 c5 2. c4 Nc6 3. Nc3 Nf6 4. g3 g6 5. Bg2 Bg7 6. O-O O-O 7. d4 cxd4 8. Nxd4 Nxd4 9. Qxd4 d6 10. Qd3 a6 11. Bf4 Bf5 12. Qd2 Qd7 13. e4 Be6 14. Nd5 Nxd5 15. exd5 Bf5 16. Rac1 Qa4 17. b3 Qa3 18. Rce1 Rfe8 19. Bg5 Bf6 20. h4 Bxg5 21. hxg5 b5 22. Rc1 Rac8 23. Rfe1 bxc4 24. Rxc4 Rxc4 25. bxc4 Qc5 26. Qc3 Qc7 27. Bf1 Rc8 28. Qd4 e5 29. dxe6 1/2-1/2

[Event "Europa ch 2008"]
[Site "Plovdiv BUL"]
[Date "2008.04.23"]
[Round "3.38"]
[White "Meier, Georg"]
[Black "Solak, Dragan"]
[Result "1/2-1/2"]
[WhiteElo "2560"]
[BlackElo "2630"]
[PlyCount "28"]
[EventDate "2008.04.21"]
[Source "www.chesslib.no"]
[SourceDate "2004.05.04"]

1. d4 Nf6 2. Nf3 g6 3. g3 Bg7 4. Bg2 c5 5. O-O cxd4 6. Nxd4 Nc6 7. c4 O-O 8. Nc3 Ng4 9. e3 d6 10. b3 Bd7 11. Nde2 a6 12. a4 Rb8 13. h3 Nf6 14. e4 Na5 1/2-1/2

[Event "Beersheba-St Petersburg"]
[Site "Beersheba"]
[Date "1998.??.??"]
[Round "12"]
[White "Ivanov, Sergey"]
[Black "Huzman, Alexander"]
[Result "0-1"]
[WhiteElo "2570"]
[BlackElo "2610"]
[PlyCount "152"]
[EventDate "1998.03.03"]
[Source "www.chesslib.no"]
[SourceDate "2004.05.04"]

1. Nf3 Nf6 2. c4 c5 3. g3 Nc6 4. Bg2 g6 5. O-O Bg7 6. d4 O-O 7. Nc3 cxd4 8. Nxd4 Nxd4 9. Qxd4 d6 10. Qd3 a6 11. Rd1 Bf5 12. e4 Bg4 13. f3 Be6 14. Be3 Nd7 15. b3 b5 16. cxb5 axb5 17. Rac1 Qa5 18. Nxb5 Qxa2 19. b4 Ne5 20. Qd2 Qxd2 21. Bxd2 Bb3 22. Nc7 Ra2 23. Nd5 e6 24. Nc3 Rb2 25. Rb1 Nc4 26. Rdc1 Bd4+ 27. Kh1 Rxd2 28. Rxb3 Ne3 29. Nb5 Bb6 30. Bf1 Kg7 31. Re1 Ra8 32. Ra3 Nc2 33. Rxa8 Nxe1 34. Ra3 Rf2 35. Bc4 Nxf3 36. Ra2 Nd2 37. Nxd6 Nxc4 38. Rxf2 Nxd6 39. Rc2 Nxe4 40. Rc6 Bd4 41. b5 Nf6 42. b6 Be5 43. Rc7 Kf8 44. Kg2 Ke8 45. Rc8+ Ke7 46. b7 Nd7 47. g4 h6 48. h4 g5 49. hxg5 hxg5 50. Rg8 Bf4 51. Kh3 f6 52. Rc8 Bb8 53. Kg2 Kd6 54. Kf3 Bc7 55. Re8 Ne5+ 56. Ke4 Nxg4 57. b8=Q Bxb8 58. Rxb8 f5+ 59. Kf3 Nf6 60. Ra8 Ke5 61. Ra6 g4+ 62. Kg3 f4+ 63. Kh4 Kf5 64. Ra7 e5 65. Rb7 g3 66. Kh3 Nd5 67. Rd7 Ke4 68. Rd8 Ne3 69. Re8 Nf5 70. Ra8 f3 71. Ra4+ Kd5 72. Ra5+ Ke6 73. Ra6+ Kf7 74. Ra7+ Kf6 75. Ra6+ Kg5 76. Ra4 f2 0-1

[Event "Tilburg"]
[Site "?"]
[Date "1994.??.??"]
[Round "?"]
[White "Romanishin, O."]
[Black "Pigusov, E."]
[Result "1/2-1/2"]
[WhiteElo "2605"]
[BlackElo "2575"]
[PlyCount "47"]
[EventDate "1994.??.??"]
[Source "ChessBase"]
[SourceDate "1994.06.01"]

1. c4 c5 2. Nf3 Nf6 3. Nc3 g6 4. g3 Bg7 5. Bg2 Nc6 6. d4 cxd4 7. Nxd4 O-O 8. O-O Nxd4 9. Qxd4 d6 10. Qd3 a6 11. Be3 Ng4 12. Bd4 Ne5 13. Qd1 Rb8 14. Rc1 Be6 15. c5 Bh6 16. cxd6 Bxc1 17. dxe7 Qxe7 18. Qxc1 f6 19. Nd5 Qg7 20. f4 Nc6 21. Bc3 Rbd8 22. e4 Bxd5 23. exd5 Ne7 24. Qd2 1/2-1/2

[Event "Tch (Men) 2005/2006 CZE"]
[Site "?"]
[Date "2005.11.05"]
[Round "3"]
[White "Navara David"]
[Black "Jakubiec Artur"]
[Result "1-0"]
[WhiteElo "2646"]
[BlackElo "2529"]
[PlyCount "83"]
[EventDate "2005.??.??"]
[Source "www.chesslib.no"]
[SourceDate "2004.05.04"]

1. d4 Nf6 2. c4 g6 3. Nc3 Bg7 4. Nf3 O-O 5. g3 c5 6. Bg2 cxd4 7. Nxd4 Nc6 8. O-O Nxd4 9. Qxd4 d6 10. Qd3 Qa5 11. h3 Be6 12. Bd2 Qa6 13. b3 Rfd8 14. e4 d5 15. exd5 Bxd5 16. Bxd5 Nxd5 17. Nxd5 e6 18. Ne7+ Kf8 19. Nxg6+ hxg6 20. Qe3 Bxa1 21. Rxa1 Qd6 22. Bc3 Ke8 23. Bf6 Rd7 24. Qh6 Rc8 25. Re1 Rc5 26. g4 Qf8 27. Qh7 Rd3 28. Bg7 Qe7 29. Qh8+ Kd7 30. Qb8 Kc6 31. Bf8 Qd8 32. Qf4 Qxf8 33. Qe4+ Rdd5 34. cxd5+ exd5 35. Qa4+ Kb6 36. Qd7 Rc7 37. Qxd5 a5 38. Kg2 Qb4 39. Re4 Qc3 40. Rf4 f6 41. Rf3 Qc6 42. Qd4+ 1-0

[Event "Deizisau"]
[Site "?"]
[Date "2000.04.22"]
[Round "5"]
[White "Vaganian Rafael Agred"]
[Black "Horvath Jozsef"]
[Result "1/2-1/2"]
[WhiteElo "2616"]
[BlackElo "2557"]
[PlyCount "77"]
[EventDate "2000.??.??"]
[Source "www.chesslib.no"]
[SourceDate "2004.05.04"]

1. Nf3 Nf6 2. c4 c5 3. Nc3 Nc6 4. g3 g6 5. d4 cxd4 6. Nxd4 Bg7 7. Bg2 O-O 8. O-O Ng4 9. e3 d6 10. Nce2 Nge5 11. b3 Bg4 12. f3 Bd7 13. Bb2 a6 14. Qd2 Rb8 15. Rac1 Nxd4 16. Bxd4 Bc6 17. e4 b5 18. c5 dxc5 19. Rxc5 Ba8 20. Rd1 Nc6 21. Bxg7 Qxd2 22. Rxd2 Kxg7 23. f4 Rfd8 24. Rxd8 Rxd8 25. e5 Nd4 26. Nxd4 Bxg2 27. Kxg2 Rxd4 28. Rc2 a5 29. Kf3 a4 30. Ke3 axb3 31. axb3 Rb4 32. Rc3 g5 33. f5 e6 34. fxe6 fxe6 35. Kd2 h5 36. Rf3 g4 37. Re3 Rd4+ 38. Rd3 Re4 39. Re3 1/2-1/2

[Event "10th WCh-University"]
[Site "Novokuznetsk RUS"]
[Date "2008.03.05"]
[Round "3"]
[White "Maletin, P."]
[Black "Bocharov, D."]
[Result "1/2-1/2"]
[WhiteElo "2573"]
[BlackElo "2600"]
[PlyCount "80"]
[EventDate "2008.03.04"]
[Source "www.chesslib.no"]
[SourceDate "2004.05.04"]

1. Nf3 c5 2. c4 g6 3. Nc3 Bg7 4. g3 Nc6 5. Bg2 Nf6 6. d4 cxd4 7. Nxd4 Nxd4 8. Qxd4 O-O 9. O-O d6 10. Qd3 a6 11. Bd2 Rb8 12. Rac1 Bf5 13. e4 Bd7 14. Rfd1 b5 15. cxb5 axb5 16. b4 Bg4 17. f3 Be6 18. Nxb5 Qb6+ 19. Nd4 Ng4 20. Be1 Ne5 21. Qd2 Nc6 22. Bf2 Nxd4 23. Bxd4 Bxd4+ 24. Qxd4 Qxb4 25. Qxb4 Rxb4 26. Rc7 Ra8 27. Rxe7 Rxa2 28. Re8+ Kg7 29. Rd8 Rbb2 30. Bf1 Rxh2 31. R8xd6 Rhf2 32. f4 Bg4 33. Ra1 Rac2 34. Rc1 h5 35. Rxc2 Rxc2 36. e5 Be6 37. Bd3 Rb2 38. Rd4 Rd2 39. Rd6 Ra2 40. Bb5 Ra7 1/2-1/2

[Event "Pardubice"]
[Site "?"]
[Date "1994.??.??"]
[Round "?"]
[White "Greenfeld, A."]
[Black "Ftacnik, L."]
[Result "1/2-1/2"]
[WhiteElo "2600"]
[BlackElo "2570"]
[PlyCount "49"]
[EventDate "1994.??.??"]
[Source "ChessBase"]
[SourceDate "1994.06.01"]

1. c4 c5 2. Nf3 Nf6 3. Nc3 g6 4. g3 Bg7 5. Bg2 Nc6 6. d4 cxd4 7. Nxd4 O-O 8. O-O Nxd4 9. Qxd4 d6 10. Qd3 a6 11. Be3 Ng4 12. Bd4 Ne5 13. Qd1 Rb8 14. Rc1 Be6 15. Nd5 Bxd5 16. Bxd5 Qd7 17. Qd2 Rfc8 18. b3 b5 19. cxb5 axb5 20. Bg2 Rxc1 21. Rxc1 Rc8 22. Rc3 Bf6 23. h3 Rxc3 24. Qxc3 Qf5 25. Kh2 1/2-1/2

[Event "New York (open)"]
[Site "?"]
[Date "1990.??.??"]
[Round "?"]
[White "Dzindzichashvili, R."]
[Black "Ehlvest, J."]
[Result "0-1"]
[WhiteElo "2545"]
[BlackElo "2620"]
[PlyCount "80"]
[EventDate "1990.??.??"]
[Source "ChessBase"]
[SourceDate "1990.01.01"]

1. c4 Nf6 2. Nc3 g6 3. g3 Bg7 4. Bg2 O-O 5. Nf3 c5 6. d4 cxd4 7. Nxd4 Nc6 8. O-O Nxd4 9. Qxd4 d6 10. Qd3 a6 11. Bg5 Rb8 12. c5 Qa5 13. Bxf6 Bxf6 14. cxd6 exd6 15. Qxd6 Be6 16. Qd2 Rfd8 17. Qc2 Rdc8 18. Rfd1 Bxc3 19. bxc3 Rxc3 20. Qb2 Qe5 21. Rd2 b5 22. Rad1 b4 23. h4 a5 24. Rd4 Kg7 25. Qd2 Rc4 26. Rd3 Rbc8 27. Re3 Qf6 28. Be4 Rc3 29. Bb1 h5 30. Re4 R8c4 31. Rxc4 Bxc4 32. Bd3 Bxd3 33. exd3 Qd4 34. Qe2 a4 35. Rb1 Rxd3 36. Rxb4 Rxg3+ 37. Kh2 Rh3+ 38. Kxh3 Qxb4 39. Qe5+ Kh7 40. Qg3 Qc4 0-1

[Event "Bundesliga 9394"]
[Site "GER"]
[Date "1994.??.??"]
[Round "?"]
[White "Dokhoian, Yury R"]
[Black "Lutz, Christopher"]
[Result "1/2-1/2"]
[WhiteElo "2570"]
[BlackElo "2595"]
[PlyCount "47"]
[EventDate "1993.10.??"]
[Source "www.chesslib.no"]
[SourceDate "2004.05.04"]

1. Nf3 Nf6 2. c4 c5 3. g3 g6 4. Bg2 Bg7 5. O-O O-O 6. d4 cxd4 7. Nxd4 Nc6 8. Nc3 Ng4 9. e3 d6 10. b3 Nxd4 11. exd4 Nh6 12. Bb2 Rb8 13. Qd2 Bd7 14. Rac1 Nf5 15. Ne4 Qb6 16. d5 Bxb2 17. Qxb2 Qd4 18. Qa3 a6 19. Rfd1 Qg7 20. b4 b6 21. c5 bxc5 22. bxc5 dxc5 23. Nxc5 Bb5 24. h3 1/2-1/2